Statystyki dla Kadra rep. Niemiec na EURO 2016

Kliknij tutaj aby rozwiązać quiz!

Ogólne statystyki

  • Ten quiz został rozwiązany 145 razy
  • Średni wynik to 17 z 24

Statystyki odpowiedzi

pozycja#klubpiłkarz% Poprawnych
B1BayernManuel Neuer
99%
B22BarcelonaMarc Andre Ter Stegen
98%
O17BayernJerome Boateng
93%
O5BVBMats Hummels
92%
P18Real MadrytToni Kroos
88%
P8ArsenalMesut Ozil
86%
P6JuventusSami Khedira
86%
P13BayernThomas Muller
82%
N23BesiktasMario Gomez
78%
B12BayerBernd Leno
77%
Selekcjoner--Joachim Low
71%
O21BayernJoshua Kimmich
71%
P (C)7Manchester UnitedBastian Schweinsteiger
68%
P10GalatasarayLukas Podolski
67%
O14LiverpoolEmre Can
64%
P19BayernMario Gotze
62%
O16RomaAntonio Rudiger
61%
O4Schalke 04Benedikt Howedes
60%
O3FC KolnJonas Hector
60%
O2ValenciaShkodran Mustafi
54%
P9WolfsburgAndre Schurrle
46%
P11WolfsburgJulian Draxler
44%
N20Schalke 04Leroy Sane
38%
P15BVBJulian Weigl
21%

Rozkład punktacji

Percentyl według liczby udzielonych odpowiedzi

Procent ludzi z każdym wynikiem

Twoja historia wyników

Nie rozwiązałeś tego quizu